<?xml version="1.0" encoding="UTF-8"?><?xml-stylesheet type="text/xsl" href="static/style.xsl"?><OAI-PMH xmlns="http://www.openarchives.org/OAI/2.0/" xmlns:xsi="http://www.w3.org/2001/XMLSchema-instance" xsi:schemaLocation="http://www.openarchives.org/OAI/2.0/ http://www.openarchives.org/OAI/2.0/OAI-PMH.xsd"><responseDate>2026-04-13T12:35:41Z</responseDate><request verb="GetRecord" identifier="oai:www.recercat.cat:2117/449278" metadataPrefix="marc">https://recercat.cat/oai/request</request><GetRecord><record><header><identifier>oai:recercat.cat:2117/449278</identifier><datestamp>2025-12-19T17:28:05Z</datestamp><setSpec>com_2072_1033</setSpec><setSpec>col_2072_452951</setSpec></header><metadata><record xmlns="http://www.loc.gov/MARC21/slim" xmlns:dcterms="http://purl.org/dc/terms/" xmlns:xsi="http://www.w3.org/2001/XMLSchema-instance" xmlns:doc="http://www.lyncode.com/xoai" xsi:schemaLocation="http://www.loc.gov/MARC21/slim http://www.loc.gov/standards/marcxml/schema/MARC21slim.xsd">
   <leader>00925njm 22002777a 4500</leader>
   <datafield ind2=" " ind1=" " tag="042">
      <subfield code="a">dc</subfield>
   </datafield>
   <datafield ind2=" " ind1=" " tag="720">
      <subfield code="a">Cuadrillero Moles, Daniel</subfield>
      <subfield code="e">author</subfield>
   </datafield>
   <datafield ind2=" " ind1=" " tag="260">
      <subfield code="c">2025-10-13</subfield>
   </datafield>
   <datafield ind2=" " ind1=" " tag="520">
      <subfield code="a">La Feature selection és un pas crític en problemes de classificació d’alta dimensionalitat, on el nombre de variables sol superar el nombre de mostres. En aquest treball, estenem l’algorisme Support Vector Machine Recursive Feature Elimination (SVM-RFE) incorporant aproximacions de kernels mitjançant Random Fourier Features (RFF) i Orthogonal Random Features (ORF), proporcionant una explicació pràctica de com es pot aplicar RFF en aquest cas. Avaluem l’enfocament proposat en diversos conjunts de dades de referència, inclosos dades d’expressió gènica i classificació de text, comparant diferents kernels i configuracions d’hiperparàmetres. Es realitzen múltiples execucions amb diferents seeds aleatòries per avaluar l’estabilitat i la robustesa de les classificacions de característiques. Aquests resultats destaquen el potencial de les aproximacions aleatòries de kernels per escalar els mètodes no lineals de selecció de característiques a dades d’alta dimensionalitat de manera eficient, mantenint alhora una precisió de classificació competitiva.</subfield>
   </datafield>
   <datafield ind2=" " ind1=" " tag="520">
      <subfield code="a">Feature selection es un paso crítico en problemas de clasificación de alta dimensionalidad, donde el número de variables suele superar al número de muestras. En este trabajo, extendemos el algoritmo Support Vector Machine Recursive Feature Elimination (SVM-RFE) incorporando aproximaciones de kernels mediante Random Fourier Features (RFF) y Orthogonal Random Features (ORF), proporcionando una explicación práctica de cómo puede aplicarse RFF en este caso. Evaluamos el enfoque propuesto en varios conjuntos de datos de referencia, incluidos datos de expresión génica y clasificación de texto, comparando diferentes kernels y configuraciones de hiperparámetros. Se realizan múltiples ejecuciones con distintas seeds aleatorias para evaluar la estabilidad y robustez de las clasificaciones de características. Estos hallazgos destacan el potencial de las aproximaciones aleatorias de kernels para escalar los métodos no lineales de selección de características a datos de alta dimensionalidad de manera eficiente, manteniendo al mismo tiempo una precisión de clasificación competitiva.</subfield>
   </datafield>
   <datafield ind2=" " ind1=" " tag="520">
      <subfield code="a">Feature selection is a critical step in high-dimensional classification problems, where the number of variables often exceeds the number of samples. In this work, we extend the Support Vector Machine Recursive Feature Elimination (SVM-RFE) algorithm by incorporating kernel approximations using Random Fourier Features (RFF) and Orthogonal Random Features (ORF), providing a practical explanation of how RFF can be applied in this case. We evaluate the proposed approach on several benchmark datasets, including gene expression and text classification, comparing different kernels and hyperparameter settings. Multiple runs with varying random seeds are performed to assess the stability and robustness of the feature rankings. These findings highlight the potential of randomized kernel approximations to scale nonlinear feature selection methods to high-dimensional data efficiently, while maintaining competitive classification accuracy.</subfield>
   </datafield>
   <datafield ind1="8" ind2=" " tag="024">
      <subfield code="a">http://hdl.handle.net/2117/449278</subfield>
   </datafield>
   <datafield tag="653" ind2=" " ind1=" ">
      <subfield code="a">Àrees temàtiques de la UPC::Matemàtiques i estadística</subfield>
   </datafield>
   <datafield tag="653" ind2=" " ind1=" ">
      <subfield code="a">Automatic classification</subfield>
   </datafield>
   <datafield tag="653" ind2=" " ind1=" ">
      <subfield code="a">Machine learning</subfield>
   </datafield>
   <datafield tag="653" ind2=" " ind1=" ">
      <subfield code="a">Bioinformatics</subfield>
   </datafield>
   <datafield tag="653" ind2=" " ind1=" ">
      <subfield code="a">Feature Selection</subfield>
   </datafield>
   <datafield tag="653" ind2=" " ind1=" ">
      <subfield code="a">Support Vector Machine</subfield>
   </datafield>
   <datafield tag="653" ind2=" " ind1=" ">
      <subfield code="a">Random Fourier Features</subfield>
   </datafield>
   <datafield tag="653" ind2=" " ind1=" ">
      <subfield code="a">Recursive Feature Elimination</subfield>
   </datafield>
   <datafield tag="653" ind2=" " ind1=" ">
      <subfield code="a">Orthogonal Random Features</subfield>
   </datafield>
   <datafield tag="653" ind2=" " ind1=" ">
      <subfield code="a">Regularization path</subfield>
   </datafield>
   <datafield tag="653" ind2=" " ind1=" ">
      <subfield code="a">Classificació automàtica</subfield>
   </datafield>
   <datafield tag="653" ind2=" " ind1=" ">
      <subfield code="a">Aprenentatge automàtic</subfield>
   </datafield>
   <datafield tag="653" ind2=" " ind1=" ">
      <subfield code="a">Bioinformàtica</subfield>
   </datafield>
   <datafield tag="653" ind2=" " ind1=" ">
      <subfield code="a">Classificació AMS::62 Statistics::62H Multivariate analysis</subfield>
   </datafield>
   <datafield tag="653" ind2=" " ind1=" ">
      <subfield code="a">Classificació AMS::62 Statistics::62H Multivariate analysis</subfield>
   </datafield>
   <datafield ind2="0" ind1="0" tag="245">
      <subfield code="a">Feature selection for SVMs using Random Fourier Features</subfield>
   </datafield>
</record></metadata></record></GetRecord></OAI-PMH>